00764nam a2200169Ia 4500082002300000100003200023245005500055260002800110500024200138650002700380650003600407650003400443650002200477650002700499650003600526710003200562 aRR 330.06054 IND-I aIndian Economic Association 0aIndian Economic Association 88th conference volume aPatnabthe authorc2005 acontents: Part. 1. World trade organisation (WTO) and India; economic thought on justice and equity (x, 768) - pt. 2. Indian public finance and the 12th finance commission; Policies and programmes for employment in India (viii, 772-1449) aFinance, PublicvIndia aIndiavFinance commisionvIndia aIndiavEconomic policyvIndia aEmploymentvIndia aManpower policyvIndia aWorld Trade OrganisationvIndia aIndian Economic Association